[Event "British Chess Championships 2023: Weekend Tournament Penrose"]
[Site "De Montfort University, 20 Western Boulevard, Leicester, LE2 7BU"]
[Date "2023.07.21"]
[Round "1"]
[Board "24"]
[White "Madeo, Joseph"]
[Black "Ng, Stephen"]
[Result "1-0"]
[WhiteElo "1807"]
[BlackElo "1618"]
[PlyCount "65"]
[EventDate "2023.07.21"]
[EventRounds "5"]
[EventCountry "ENG"]

1. e4 c5 2. c3 d5 3. exd5 Qxd5 4. d4 Nf6 5. Nf3 e6 6. Na3 a6 7. Nc4 Qd8 8. Bg5 cxd4
9. Bxf6 gxf6 10. Qxd4 Qxd4 11. Nxd4 Nd7 12. O-O-O b5 13. Na5 Ra7 14. g3 Bc5 15. Bg2
O-O 16. f4 Rc7 17. Nf3 Nb6 18. Nb3 Be7 19. f5 e5 20. g4 b4 21. c4 Nxc4 22. Kb1 Ne3
23. Rd2 Nxg2 24. Rxg2 Bb7 25. Rf1 Rd8 26. Rg3 Rd5 27. h4 Rcd7 28. g5 Rd1+ 29. Rxd1
Rxd1+ 30. Kc2 Bxf3 31. gxf6+ Kf8 32. fxe7+ Kxe7 33. Rxf3  1-0

[Event "British Chess Championships 2023: Weekend Tournament Penrose"]
[Site "De Montfort University, 20 Western Boulevard, Leicester, LE2 7BU"]
[Date "2023.07.21"]
[Round "1"]
[Board "25"]
[White "Diniz Afonso, Davi"]
[Black "Banerji, Kumar"]
[Result "0-1"]
[WhiteElo "1615"]
[BlackElo "1805"]
[PlyCount "84"]
[EventDate "2023.07.21"]
[EventRounds "5"]
[EventCountry "ENG"]

1. d4 Nf6 2. Bg5 g6 3. Bxf6 exf6 4. e3 Bg7 5. g3 f5 6. Bg2 c5 7. c3 Qb6 8. Qb3 Qxb3
9. axb3 cxd4 10. exd4 O-O 11. Nd2 Nc6 12. Nc4 Re8+ 13. Kd1 Bf8 14. Nb6 Rb8 15. Nd5
Kg7 16. b4 d6 17. b5 Ne7 18. Rxa7 Nxd5 19. Bxd5 Be6 20. Bxe6 Rxe6 21. c4 Re4 22.
Nf3 Be7 23. Kd2 Bf6 24. Kd3 g5 25. d5 g4 26. Nd2 Rd4+ 27. Kc2 Re8 28. h4 gxh3 29.
Ra3 Re2 30. Rd3 Rxc4+ 31. Kb3 Rc5 32. Nc4 Rxf2 33. Nxd6 Rxb2+ 34. Ka3 Kg6 35. Ne8
Rbxb5 36. Nxf6 Kxf6 37. d6 Rd5 38. Rhd1 h2 39. Rxd5 Rxd5 40. Rxd5 h1=Q 41. Rd3 Qe4
42. Rb3 Qc6  0-1

[Event "British Chess Championships 2023: Weekend Tournament Penrose"]
[Site "De Montfort University, 20 Western Boulevard, Leicester, LE2 7BU"]
[Date "2023.07.21"]
[Round "1"]
[Board "26"]
[White "Coward, Neil"]
[Black "Mckenna, Joshua"]
[Result "1-0"]
[WhiteElo "1800"]
[BlackElo "1600"]
[PlyCount "115"]
[EventDate "2023.07.21"]
[EventRounds "5"]
[EventCountry "ENG"]

1. e4 c6 2. d4 d5 3. e5 c5 4. c3 Nc6 5. h3 cxd4 6. cxd4 Qb6 7. Nf3 Bf5 8. Bd3 Bxd3
9. Qxd3 e6 10. O-O Nge7 11. Nc3 Nf5 12. Nxd5 exd5 13. Qxf5 Nxd4 14. Nxd4 Qxd4 15.
e6 Qf6 16. Qxd5 Be7 17. Qd7+ Kf8 18. Qxb7 Rd8 19. exf7 Kxf7 20. Be3 Rhe8 21. Rac1
Kg8 22. b4 Rb8 23. Qd5+ Kh8 24. Bc5 Red8 25. Bxe7 Qxe7 26. Qc5 Qe6 27. Qxa7 Ra8 28.
Rcd1 Re8 29. Qc5 Rxa2 30. Qd5 Qxd5 31. Rxd5 Rb2 32. b5 Kg8 33. Rc1 Kf7 34. Rd7+ Re7
35. Rxe7+ Kxe7 36. Rc7+ Kf8 37. Rb7 h6 38. g3 g5 39. b6 Ke8 40. Rb8+ Kd7 41. b7 Kc7
42. Rh8 Kxb7 43. Rxh6 Kc7 44. Re6 Rb5 45. Kg2 Kd7 46. Re3 Kd6 47. Kf3 Rb4 48. Re4
Rb3+ 49. Kg4 Rb5 50. Re8 Rb2 51. Rf8 Ke7 52. Rf3 Rb5 53. Rf5 Rb4+ 54. Kxg5 Ke6 55.
Rf4 Rb5+ 56. Kg6 Rb8 57. Re4+ Kd5 58. Re3  1-0

[Event "British Chess Championships 2023: Weekend Tournament Penrose"]
[Site "De Montfort University, 20 Western Boulevard, Leicester, LE2 7BU"]
[Date "2023.07.21"]
[Round "1"]
[Board "27"]
[White "Vadalia, Jainill"]
[Black "Lataille, Matthias"]
[Result "1-0"]
[WhiteElo "1586"]
[BlackElo "1797"]
[PlyCount "103"]
[EventDate "2023.07.21"]
[EventRounds "5"]
[EventCountry "ENG"]

1. d4 Nf6 2. Nf3 g6 3. c4 Bg7 4. Nc3 O-O 5. e4 d6 6. Be2 e5 7. d5 a5 8. Bg5 h6 9.
Bh4 Na6 10. Nd2 Qe8 11. O-O Bd7 12. a3 Nh7 13. f3 Bf6 14. Bf2 Qd8 15. b4 Bh4 16.
g3 Bg5 17. c5 axb4 18. axb4 Nxb4 19. Rb1 Na2 20. Nxa2 Rxa2 21. Nc4 Bh3 22. Re1 f5
23. Qb3 Ra8 24. Bf1 Bxf1 25. Rxf1 fxe4 26. fxe4 Be7 27. cxd6 Bxd6 28. Nxd6 Qxd6 29.
Qxb7 Nf6 30. Qb4 Qxb4 31. Rxb4 Kg7 32. Bc5 Rfb8 33. Rc4 Ra2 34. Be7 Ne8 35. Rf2 Rxf2
36. Kxf2 Rb2+ 37. Kf3 Rxh2 38. Bd8 Rb2 39. Bxc7 Rb3+ 40. Kg2 Nxc7 41. Rxc7+ Kf6 42.
Rc6+ Kg7 43. Re6 Ra3 44. Rxe5 Ra6 45. Kf3 Kf6 46. Re8 Kf7 47. Rc8 Ra3+ 48. Kf4 Ra6
49. Ke5 Ke7 50. Rc6 Rxc6 51. dxc6 g5 52. g4  1-0

[Event "British Chess Championships 2023: Weekend Tournament Penrose"]
[Site "De Montfort University, 20 Western Boulevard, Leicester, LE2 7BU"]
[Date "2023.07.21"]
[Round "1"]
[Board "28"]
[White "Colclough, Ryan"]
[Black "Hollyman, Mike"]
[Result "1-0"]
[WhiteElo "1795"]
[BlackElo "1555"]
[PlyCount "61"]
[EventDate "2023.07.21"]
[EventRounds "5"]
[EventCountry "ENG"]

1. e4 c6 2. Nc3 d5 3. d4 dxe4 4. Nxe4 Nf6 5. Nxf6+ gxf6 6. Bf4 Nd7 7. Bc4 e6 8. Ne2
Nb6 9. Bb3 Nd5 10. Bg3 Bd6 11. Qd3 Nb4 12. Qf3 Bxg3 13. Qxg3 Ke7 14. O-O-O Qa5 15.
Kb1 Bd7 16. Qc3 Qb6 17. Rhe1 a5 18. Nf4 a4 19. Bc4 Ra5 20. d5 cxd5 21. Nxd5+ Nxd5
22. Bxd5 Rc8 23. Qe3 Qc7 24. Qe4 Rb5 25. Rd4 Qc3 26. Bb3 Qc7 27. Bxa4 Bc6 28. Qd3
Qa5 29. Rd1 Bd5 30. Qxb5 Qc7 31. Qb4+  1-0

[Event "British Chess Championships 2023: Weekend Tournament Penrose"]
[Site "De Montfort University, 20 Western Boulevard, Leicester, LE2 7BU"]
[Date "2023.07.21"]
[Round "1"]
[Board "29"]
[White "Roul, Tushar"]
[Black "Venn, Hiren"]
[Result "1-0"]
[WhiteElo "1545"]
[BlackElo "1795"]
[PlyCount "51"]
[EventDate "2023.07.21"]
[EventRounds "5"]
[EventCountry "ENG"]

1. e4 c6 2. d4 d5 3. exd5 cxd5 4. Bd3 Nf6 5. h3 Nc6 6. Nf3 e6 7. Bf4 Bd6 8. Bxd6
Qxd6 9. Qe2 O-O 10. O-O Re8 11. Ne5 Nxd4 12. Qe3 Nf5 13. Qe1 Ne7 14. Nc3 a6 15. Kh1
Ng6 16. Bxg6 hxg6 17. f4 Nd7 18. Qf2 Rf8 19. Rae1 Nxe5 20. fxe5 Qc7 21. Qh4 b5 22.
Rf6 Bb7 23. Nd1 Rad8 24. Nf2 Qxc2 25. Ng4 gxf6 26. Nxf6+  1-0

[Event "British Chess Championships 2023: Weekend Tournament Penrose"]
[Site "De Montfort University, 20 Western Boulevard, Leicester, LE2 7BU"]
[Date "2023.07.21"]
[Round "1"]
[Board "30"]
[White "Tomlinson, Zak"]
[Black "Yi, Louis"]
[Result "1-0"]
[WhiteElo "1787"]
[BlackElo "1443"]
[PlyCount "55"]
[EventDate "2023.07.21"]
[EventRounds "5"]
[EventCountry "ENG"]

1. e4 e5 2. Nf3 Nc6 3. Bb5 Nf6 4. O-O Nxe4 5. Re1 Nd6 6. Bxc6 dxc6 7. Nxe5 Be7 8.
Qe2 Nf5 9. c3 O-O 10. d4 Bg5 11. Bxg5 Qxg5 12. Nf3 Qg6 13. Nbd2 Bd7 14. Ne4 Rfe8
15. Ne5 Qe6 16. Nc5 Qe7 17. Ncxd7 Kh8 18. Qh5 g6 19. Qh3 Qe6 20. Nc5 Qd5 21. Ne4
Kg7 22. Ng5 Nh6 23. Ngf3 Re7 24. Ng4 Rxe1+ 25. Rxe1 Nf5 26. b3 c5 27. Qxh7+ Kxh7
28. Nf6+  1-0

[Event "British Chess Championships 2023: Weekend Tournament Penrose"]
[Site "De Montfort University, 20 Western Boulevard, Leicester, LE2 7BU"]
[Date "2023.07.22"]
[Round "2"]
[Board "1"]
[White "Llewellyn, Julian D"]
[Black "Madeo, Joseph"]
[Result "1-0"]
[WhiteElo "1950"]
[BlackElo "1807"]
[PlyCount "0"]
[EventDate "2023.07.21"]
[EventRounds "5"]
[EventCountry "ENG"]

1. e4 e5 2. Nf3 Nc6 3. d4 exd4 4. Nxd4 Nxd4 5. Qxd4 Ne7 6. Nc3 Nc6 7. Qd1 Bb4 8.
Bc4 Bxc3+ 9. bxc3 Qf6 10. Bb2 Qg6 11. O-O d6 12. f4 Bd7 13. Bd3 O-O-O 14. a4 f5 15.
Qf3 Qg4 16. Qxg4 fxg4 17. c4 Rhg8 18. Bc3 h5 19. a5 Rdf8 20. c5 g5 21. Bc4 gxf4 22.
Bxg8 Rxg8 23. Rxf4 dxc5 24. Raf1 Be8 25. e5 Ne7 26. Rf8 Rxf8 27. Rxf8 Kd8 28. e6
Nd5 29. Be1 Ke7 30. Rh8 Bg6 31. Rh6 Nf4 32. Bd2 Bxc2 33. Bxf4 b5 34. Bg5+ Kd6 35.
e7+ Kd7 36. Rh8 Bg6 37. Rd8+ Kc6 38. e8=Q+ Bxe8 39. Rxe8 b4 40. Rb8 Kd5 41. Kf2 Kc4
42. Ke2 Kb3 43. Be7 Kc3 44. Bxc5 a6 45. Ke1  1-0

[Event "British Chess Championships 2023: Weekend Tournament Penrose"]
[Site "De Montfort University, 20 Western Boulevard, Leicester, LE2 7BU"]
[Date "2023.07.22"]
[Round "2"]
[Board "2"]
[White "Banerji, Kumar"]
[Black "Bartram, Philip J"]
[Result "1-0"]
[WhiteElo "1805"]
[BlackElo "1942"]
[PlyCount "0"]
[EventDate "2023.07.21"]
[EventRounds "5"]
[EventCountry "ENG"]

1. e4 c5 2. Nf3 e6 3. d4 cxd4 4. Nxd4 Nc6 5. Nc3 a6 6. Be3 Nge7 7. Qd2 Nxd4 8. Bxd4
Nc6 9. Be3 b5 10. a3 Be7 11. Be2 O-O 12. O-O Qc7 13. f4 d6 14. g4 Rd8 15. f5 Ne5
16. g5 Nc4 17. Bxc4 Qxc4 18. Qf2 f6 19. Qg2 Bb7 20. Rad1 e5 21. gxf6 Bxf6 22. Nd5
Bxd5 23. Rxd5 Rac8 24. c3 Kf7 25. Qg4 Rd7 26. Rfd1 Rb8 27. Rxd6 Rxd6 28. Rxd6 Rd8
29. Rxd8 Bxd8 30. Qh5+ Kf8 31. Qxh7 Bf6 32. Qh8+ Kf7 33. Qa8 Qe2 34. Qd5+ Ke8 35.
Qc6+ Kf8 36. Qc8+ Kf7 37. Qe6+ Kf8 38. Bc5+ Be7 39. Bxe7+  1-0

[Event "British Chess Championships 2023: Weekend Tournament Penrose"]
[Site "De Montfort University, 20 Western Boulevard, Leicester, LE2 7BU"]
[Date "2023.07.22"]
[Round "2"]
[Board "3"]
[White "Taylor, Robert K"]
[Black "Coward, Neil"]
[Result "1/2-1/2"]
[WhiteElo "1935"]
[BlackElo "1800"]
[PlyCount "0"]
[EventDate "2023.07.21"]
[EventRounds "5"]
[EventCountry "ENG"]

1. e4 c5 2. Nf3 Nc6 3. c3 g6 4. d4 cxd4 5. cxd4 Bg7 6. Nc3 a6 7. Be2 e6 8. O-O Nge7
9. d5 exd5 10. Nxd5 O-O 11. Be3 Nxd5 12. exd5 Ne5 13. Qb3 d6 14. Nd4 Qh4 15. f3 Nd7
16. Rad1 Nc5 17. Qc3 Bd7 18. Qd2 Rfe8 19. Bc4 Ba4 20. b3 Bd7 21. Ne2 b5 22. Bg5 Bh6
23. Bxh4 Bxd2 24. Rxd2 bxc4 25. bxc4 Bf5 26. Nc1 Rab8 27. g4 Bd7 28. Bf6 Ba4 29.
Ne2 Nd7 30. Bd4 Rb4 31. Rc1 Rc8 32. Kf2 Rbxc4 33. Rxc4 Rxc4 34. Bb2 Rc2 35. Rxc2
Bxc2 36. Ba3 Nb6 37. Bxd6 Nxd5 38. Ke1 f5 39. Kd2 Bb1 40. a3 fxg4 41. fxg4  1/2-1/2

[Event "British Chess Championships 2023: Weekend Tournament Penrose"]
[Site "De Montfort University, 20 Western Boulevard, Leicester, LE2 7BU"]
[Date "2023.07.22"]
[Round "2"]
[Board "4"]
[White "Colclough, Ryan"]
[Black "Bartram, William"]
[Result "1-0"]
[WhiteElo "1795"]
[BlackElo "1932"]
[PlyCount "0"]
[EventDate "2023.07.21"]
[EventRounds "5"]
[EventCountry "ENG"]

1. d4 Nf6 2. c4 e6 3. Nc3 Bb4 4. Qc2 O-O 5. Nf3 d5 6. Bg5 h6 7. Bh4 g5 8. Bg3 Ne4
9. e3 b6 10. Bd3 Bb7 11. O-O Bxc3 12. bxc3 Nd7 13. cxd5 exd5 14. c4 Nxg3 15. hxg3
dxc4 16. Bxc4 Kg7 17. Qf5 Qe7 18. Rac1 Be4 19. Qb5 c5 20. Nd2 Bb7 21. dxc5 Nxc5 22.
Qb2+ f6 23. Nf3 Qe4 24. Rfd1 Rad8 25. Bf1 Ne6 26. Rc4 Qf5 27. Nd4 Nxd4 28. Rcxd4
Rxd4 29. Qxd4 Rf7 30. Bc4 Rc7 31. Qd8 Rc8 32. Rd7+ Kg6 33. Bf7+ Kg7 34. Bh5+  1-0

[Event "British Chess Championships 2023: Weekend Tournament Penrose"]
[Site "De Montfort University, 20 Western Boulevard, Leicester, LE2 7BU"]
[Date "2023.07.22"]
[Round "2"]
[Board "5"]
[White "Subin, Samvrit"]
[Black "Kapoor, Gurveen"]
[Result "1-0"]
[WhiteElo "1742"]
[BlackElo "1918"]
[PlyCount "0"]
[EventDate "2023.07.21"]
[EventRounds "5"]
[EventCountry "ENG"]

1. e4 Nc6 2. Nf3 d6 3. d4 Nf6 4. Nc3 g6 5. Be2 Bg7 6. h3 a6 7. Be3 O-O 8. Qd2 Re8
9. O-O-O b5 10. Bd3 Bb7 11. Bh6 Bh8 12. h4 Nb4 13. h5 Nxd3+ 14. cxd3 c5 15. hxg6
hxg6 16. Bf8 Nh5 17. Rxh5 gxh5 18. Qh6 f6 19. Nh4 Bc8 20. Ng6 Rxf8 21. Qxh8+ Kf7
22. Qh7+ Ke6 23. Nxf8+ Qxf8 24. Qf5+ Kf7 25. Qxh5+ Kg7 26. Rh1 Qg8 27. Nd5 Ra7 28.
e5 fxe5 29. Qh6+ Kf7 30. dxe5 dxe5 31. Qh5+ Ke6 32. Ne3 Kd6 33. Qh6+ Kc7 34. Qh5
Kd6 35. Qf3 Qxa2 36. Rh6+ Be6 37. Qf8 Qa1+ 38. Kc2 Qa4+ 39. Kb1 Qa2+ 40. Kc2 Rd7
41. Qb8+ Kc6 42. Qc8+ Kb6 43. Qxd7 Qa4+ 44. Kc1 Qa1+ 45. Kd2 Qxb2+ 46. Nc2  1-0

[Event "British Chess Championships 2023: Weekend Tournament Penrose"]
[Site "De Montfort University, 20 Western Boulevard, Leicester, LE2 7BU"]
[Date "2023.07.22"]
[Round "2"]
[Board "6"]
[White "Goatcher, Matthew W"]
[Black "Wastney, Dylan"]
[Result "0-1"]
[WhiteElo "1699"]
[BlackElo "1893"]
[PlyCount "0"]
[EventDate "2023.07.21"]
[EventRounds "5"]
[EventCountry "ENG"]

1. c4 c5 2. g3 g6 3. Bg2 Bg7 4. Nc3 Nc6 5. a3 Nf6 6. e4 d6 7. h3 O-O 8. Nge2 Rb8
9. Rb1 b6 10. O-O Bb7 11. d3 e6 12. f4 Ne7 13. b4 d5 14. bxc5 bxc5 15. e5 Ne8 16.
a4 Bc6 17. Ba3 Rxb1 18. Qxb1 dxc4 19. Bxc6 Nxc6 20. Bxc5 cxd3 21. Rd1 Qa5 22. Qb5
dxe2 23. Nxe2 Qxb5 24. axb5 Na5 25. Bxa7 f6 26. Bc5 fxe5 27. Bxf8 Kxf8 28. Ra1 Nb7
29. Ra8 Ke7 30. Kg2 exf4 31. Nxf4 Ned6 32. Ra3 Nxb5 33. Re3 Nd8 34. Nd5+ Kd6 35.
Nf4 Nd4 36. Ra3 N8c6 37. Ra6 e5 38. Nd3 Kd5 39. Kf2 Kc4 40. Nb2+ Kc3 41. Nd1+ Kd2
42. Ne3 Nb4 43. Ra7 Bf6 44. Ng4 e4 45. Nxf6 e3 46. Kg2 e2 47. Re7 Nf5 48. Kf3 Nxe7
 0-1

[Event "British Chess Championships 2023: Weekend Tournament Penrose"]
[Site "De Montfort University, 20 Western Boulevard, Leicester, LE2 7BU"]
[Date "2023.07.22"]
[Round "2"]
[Board "7"]
[White "Dooley, Max"]
[Black "Tomlinson, Zak"]
[Result "1/2-1/2"]
[WhiteElo "1863"]
[BlackElo "1787"]
[PlyCount "0"]
[EventDate "2023.07.21"]
[EventRounds "5"]
[EventCountry "ENG"]

1. e4 e5 2. Nf3 Nc6 3. d4 exd4 4. Nxd4 Bc5 5. Nb3 Bb6 6. Nc3 Qf6 7. Qe2 Nge7 8. g3
O-O 9. Bg2 a6 10. Be3 Bxe3 11. Qxe3 d6 12. f4 Bd7 13. O-O-O b5 14. e5 Qe6 15. Be4
f5 16. exf6 Qxf6 17. Qf3 Rac8 18. Rhe1 Kh8 19. h4 Qh6 20. Qg2 Rb8 21. Kb1 Rb6 22.
Ne2 Bf5 23. Bf3 Nb4 24. Ned4 Qf6 25. a3 Nxc2 26. Nxc2 c5 27. Be4 Bg4 28. Rd2 c4 29.
Nbd4 d5 30. Bxd5 Nxd5 31. Qxd5 Rd8 32. Qe5 Qxe5 33. Rxe5 Rbd6 34. Nb4 h5 35. Nbc2
g6 36. Kc1 Bf5 37. Ree2 Bd3 38. Re5 Bxc2 39. Kxc2 Rxd4 40. Rxd4 Rxd4 41. Re6 Kg7
42. Rxa6 Rd3 43. Rb6 Rxg3 44. Rxb5 Rf3 45. a4 Rxf4 46. a5 Rxh4 47. a6 c3 48. b3 Rh2+
49. Kxc3 Ra2 50. Rb7+ Kh6  1/2-1/2

[Event "British Chess Championships 2023: Weekend Tournament Penrose"]
[Site "De Montfort University, 20 Western Boulevard, Leicester, LE2 7BU"]
[Date "2023.07.22"]
[Round "2"]
[Board "8"]
[White "Honarvarmahalati, Hooman"]
[Black "Matthew, Ian G"]
[Result "1-0"]
[WhiteElo "1862"]
[BlackElo "1745"]
[PlyCount "0"]
[EventDate "2023.07.21"]
[EventRounds "5"]
[EventCountry "ENG"]

1. e4 c5 2. Nf3 e6 3. c3 d5 4. exd5 Qxd5 5. d4 Nf6 6. Be2 Be7 7. Na3 a6 8. Nc4 Qd8
9. a4 Nc6 10. Be3 cxd4 11. Nxd4 Bd7 12. Bf3 Nd5 13. Nxc6 bxc6 14. Bd4 O-O 15. O-O
Rc8 16. Qe2 c5 17. Be5 Bc6 18. Rfd1 Kh8 19. Be4 f6 20. Qh5 f5 21. Bc2 Qe8 22. Qh3
Qg6 23. Rd3 Qg4 24. Rg3 Qxh3 25. Bxg7+ Kg8 26. gxh3  1-0

[Event "British Chess Championships 2023: Weekend Tournament Penrose"]
[Site "De Montfort University, 20 Western Boulevard, Leicester, LE2 7BU"]
[Date "2023.07.22"]
[Round "2"]
[Board "9"]
[White "Holmes, Stephen"]
[Black "Wenninger, Maxim"]
[Result "0-1"]
[WhiteElo "1313"]
[BlackElo "1844"]
[PlyCount "0"]
[EventDate "2023.07.21"]
[EventRounds "5"]
[EventCountry "ENG"]

1. d4 Nf6 2. e3 d5 3. Bd3 c5 4. c3 Qc7 5. f4 e6 6. Nd2 Nc6 7. Ngf3 Bd6 8. Ne5 Bd7
9. O-O g6 10. g4 Ng8 11. Nxd7 Kxd7 12. dxc5 Bxc5 13. Nb3 Qb6 14. Nxc5+ Qxc5 15. Be2
Nge7 16. Qd3 Rad8 17. Bd2 h5 18. b4 Qc4 19. Qxc4 dxc4 20. b5 Na5 21. e4 hxg4 22.
Bxg4 Kc7 23. Rad1 Rd3 24. Be2 Rdh3 25. Rf2 f5 26. exf5 gxf5 27. Rg2 Nd5 28. Bf1 R8h7
29. Re1 R3h6 30. Ree2 Kd6 31. Rg8 Kc5 32. a4 a6 33. Rc8+ Kb6 34. bxa6 Kxa6 35. Ra8+
Kb6 36. Be1 Nc6 37. Rb2+ Kc7 38. Rf2 Ne3 39. Rg8 Ng4 40. Rxg4 fxg4 41. Rg2 e5 42.
fxe5 Kb6 43. Bxc4 Nxe5 44. Bf2+ Ka5 45. Be2 Nf3+ 46. Bxf3 gxf3 47. Rg5+ Kxa4 48.
Bg3 Rc6 49. Be5 Rf7 50. Rg4+ Ka5 51. Kf2 Re6 52. Rg5 b5 53. h4 Rc6 54. Bd4 Rc4 55.
h5 Ra4 56. Rg8 Ra2+ 57. Kg3 Rg2+ 58. Kh3 Rxg8 59. Bf2 Ka4 60. Kh4 Rf4 61. Kh3 Kb3
62. Be3 f2 63. Bxf2 Rxf2 64. h6 Rf6  0-1

[Event "British Chess Championships 2023: Weekend Tournament Penrose"]
[Site "De Montfort University, 20 Western Boulevard, Leicester, LE2 7BU"]
[Date "2023.07.22"]
[Round "2"]
[Board "10"]
[White "Betts, Richard"]
[Black "Vadalia, Jainill"]
[Result "0-1"]
[WhiteElo "1831"]
[BlackElo "1586"]
[PlyCount "0"]
[EventDate "2023.07.21"]
[EventRounds "5"]
[EventCountry "ENG"]

1. d4 Nf6 2. c4 e6 3. Nf3 b6 4. g3 Bb7 5. Bg2 d5 6. cxd5 exd5 7. O-O Nbd7 8. Nc3
Be7 9. Qc2 a6 10. Bf4 O-O 11. Rac1 Rc8 12. Rfd1 c5 13. dxc5 bxc5 14. Ne5 Nb6 15.
Qb3 c4 16. Qc2 Qe8 17. Be3 Bd8 18. Bd4 Bc7 19. Nf3 Nbd7 20. Bh3 Rd8 21. Qf5 Bb6 22.
Bg2 Bxd4 23. Nxd4 Qe5 24. Rd2 g6 25. Qxe5 Nxe5 26. Nc2 Rd6 27. Rcd1 Rfd8 28. e4 Nd3
29. exd5 Nxd5 30. Ne4 Rb6 31. b3 cxb3 32. axb3 Nb2 33. Rb1 Nc4 34. Rd4 Na5 35. b4
Ba8 36. Rbd1 Nb3 37. R4d3 Rc8 38. Nc5 Nxc5 39. bxc5 Rxc5 40. Ne1 Nc3 41. Rxc3 Rxc3
42. Bxa8 a5 43. Ra1 Ra6 44. Be4 a4 45. Ra2 Kf8 46. Nc2 Ra5 47. Ra3 Rb3 48. Kg2 f5
49. Bc6 Rc5 50. Bxa4 Rxa3 51. Nxa3 Ra5 52. Nc2 Rxa4 53. Ne3 Kf7 54. h4 h6 55. Kf3
Ra2 56. Kg2 Ke6 57. Kf3 Ra4 58. Kg2 Ke5 59. Kf3 g5 60. hxg5 hxg5 61. Kg2 g4 62. Kg1
Re4 63. Ng2 Ra4 64. Ne3 Ke4 65. Kg2 Ra2 66. Nf1 Re2 67. Nh2 Kd3 68. Nf1 Kc2 69. Nh2
Kd1 70. Kf1 Ra2 71. Kg2 Ke1 72. Nf1 Rxf2+  0-1

[Event "British Chess Championships 2023: Weekend Tournament Penrose"]
[Site "De Montfort University, 20 Western Boulevard, Leicester, LE2 7BU"]
[Date "2023.07.22"]
[Round "2"]
[Board "11"]
[White "Smith, Ryan M"]
[Black "Roul, Tushar"]
[Result "1-0"]
[WhiteElo "1962"]
[BlackElo "1545"]
[PlyCount "0"]
[EventDate "2023.07.21"]
[EventRounds "5"]
[EventCountry "ENG"]

1. e4 c6 2. c4 d5 3. cxd5 cxd5 4. exd5 Nf6 5. Nc3 Nxd5 6. Nf3 g6 7. Bc4 Nb6 8. Bb3
Bg7 9. d4 O-O 10. O-O Bg4 11. h3 Bxf3 12. Qxf3 Nc6 13. d5 Nd4 14. Qe4 Re8 15. Rd1
Nf5 16. Bg5 Bf6 17. Bxf6 exf6 18. Qf4 Qd6 19. Qxd6 Nxd6 20. Re1 Kf8 21. Bc2 Rac8
22. Rxe8+ Kxe8 23. Re1+ Kd7 24. Bd3 Rc5 25. Be4 f5 26. Bf3 Nb5 27. Nxb5 Rxb5 28.
b3 Rc5 29. d6 Nd5 30. Bxd5 Rxd5 31. Re7+ Kc6 32. Rc7+ Kb6 33. Rxf7 Rxd6 34. Rxh7
Kc6 35. Kh2 a5 36. h4 b6 37. Re7 Kc5 38. Re2 Kb4 39. Kg3 b5 40. f3 a4 41. bxa4 bxa4
42. Kf4 a3 43. g4 fxg4 44. fxg4 Rb6 45. Rc2 Ka4 46. Kg5 Rb2 47. Rc6 Rxa2 48. Kxg6
Rb2 49. Ra6+ Kb3 50. h5 a2 51. g5 Re2 52. Rxa2  1-0

[Event "British Chess Championships 2023: Weekend Tournament Penrose"]
[Site "De Montfort University, 20 Western Boulevard, Leicester, LE2 7BU"]
[Date "2023.07.22"]
[Round "2"]
[Board "12"]
[White "Graff, Ben"]
[Black "Mohan, Shaan"]
[Result "0-1"]
[WhiteElo "1793"]
[BlackElo "1953"]
[PlyCount "0"]
[EventDate "2023.07.21"]
[EventRounds "5"]
[EventCountry "ENG"]

1. e4 e6 2. d4 d5 3. exd5 exd5 4. Bd3 Bd6 5. Ne2 Ne7 6. Bf4 Bf5 7. Bxd6 Qxd6 8. Bxf5
Nxf5 9. Qd3 g6 10. Nd2 Nd7 11. c3 O-O-O 12. b4 Rde8 13. a4 Qe6 14. Kd1 Nd6 15. Re1
Nb6 16. Kc2 Qg4 17. Qf3 Qxf3 18. Nxf3 f6 19. a5 Nbc4 20. Nd2 Nxd2 21. Kxd2 Ne4+ 22.
Kc2 Nxf2 23. Nf4 c6 24. h3 Ne4 25. Nd3 Kd7 26. Rf1 Rhf8 27. Rae1 b6 28. Ra1 Ra8 29.
Ra2 Rfe8 30. axb6 axb6 31. Rfa1 Rxa2+ 32. Rxa2 Rc8 33. Ra6 c5 34. dxc5 bxc5 35. bxc5
Nxc5 36. Ra7+ Kd6 37. Rxh7 Ne4 38. Nf4 Rxc3+ 39. Kd1 Rg3 40. h4 Ke5 41. Nxd5 Kxd5
42. h5 Rxg2 43. hxg6 Rxg6 44. Rh5+ Rg5 45. Rh8 f5 46. Rf8 Kd4 47. Ke2 Rg2+ 48. Kf1
Rc2 49. Kg1 Ke5 50. Rh8 f4 51. Rh5+ Kd4 52. Rh4 Ke3 53. Rh3+ f3 54. Kh1 Nf2+  0-1

[Event "British Chess Championships 2023: Weekend Tournament Penrose"]
[Site "De Montfort University, 20 Western Boulevard, Leicester, LE2 7BU"]
[Date "2023.07.22"]
[Round "2"]
[Board "13"]
[White "Royle, Alex"]
[Black "Siu, Kam Wa"]
[Result "1-0"]
[WhiteElo "1942"]
[BlackElo "1782"]
[PlyCount "0"]
[EventDate "2023.07.21"]
[EventRounds "5"]
[EventCountry "ENG"]

1. e4 c5 2. Nf3 g6 3. d4 cxd4 4. c3 dxc3 5. Nxc3 Bg7 6. Bc4 Nc6 7. O-O d6 8. Be3
Nf6 9. h3 O-O 10. Qe2 a6 11. a4 Bd7 12. Rab1 Qc8 13. Rfc1 Ne5 14. Nxe5 dxe5 15. Ba2
Qe8 16. a5 Bb5 17. Qc2 Rc8 18. Qd2 Rd8 19. Qe1 Bd3 20. Ra1 Rc8 21. f3 Kh8 22. Nd5
Nxd5 23. Bxd5 Rxc1 24. Rxc1 e6 25. Bxb7 Qb5 26. Bb6 Qxb2 27. Qc3 Qxc3 28. Rxc3 Bb5
29. Rb3 Rb8 30. Rxb5 Rxb7 31. Rc5 Bf6 32. Rc8+ Kg7 33. Ra8 Be7 34. Rxa6 Bb4 35. Kf1
Bc3 36. Ke2 Bd4 37. Kd3 Kf6 38. Bxd4 Rd7 39. Rb6 Rxd4+ 40. Kc3 Ra4 41. a6 Ke7 42.
Rb7+ Kd6 43. a7 f5 44. exf5 gxf5 45. Rxh7 e4 46. fxe4 fxe4 47. Rb7 e3 48. Kd3 Ra3+
49. Ke2 Ke5 50. Kf3 Kd4 51. Rb4+ Kd3 52. Rb3+ Rxb3 53. a8=Q Kd2 54. Qa2+ Kc3 55.
Qxb3+  1-0

[Event "British Chess Championships 2023: Weekend Tournament Penrose"]
[Site "De Montfort University, 20 Western Boulevard, Leicester, LE2 7BU"]
[Date "2023.07.22"]
[Round "2"]
[Board "14"]
[White "George, Richard M"]
[Black "Dos Santos Silva, Bruno Alexandre"]
[Result "1/2-1/2"]
[WhiteElo "1927"]
[BlackElo "1779"]
[PlyCount "0"]
[EventDate "2023.07.21"]
[EventRounds "5"]
[EventCountry "ENG"]

1. d4 d5 2. Bg5 f6 3. Bh4 Nh6 4. e3 Nf5 5. Bg3 h5 6. Be2 g6 7. Nc3 Nc6 8. Nb5 e5
9. dxe5 fxe5 10. Qxd5 a6 11. Bxe5 Qxd5 12. Nxc7+ Kf7 13. Nxd5 Nxe5 14. Nb6 Rb8 15.
Nxc8 Rxc8 16. O-O-O Bg7 17. Nf3 Rhd8 18. g3 Bf6 19. Nxe5+ Bxe5 20. Bf3 b6 21. Bb7
Rb8 22. Bxa6 Bg7 23. h4 Nd6 24. Bd3 b5 25. Rhe1 Nc4 26. Bxc4+ bxc4 27. Rxd8 Rxd8
28. c3 Ke6 29. Rd1 Rf8 30. Rd2 Bh6 31. Kc2 Ra8 32. a3 Bg7 33. Kd1 Ra7 34. Ke2 Rb7
35. f4 Kf5 36. Kf3 Ke6 37. e4 Bf8 38. e5 Bc5 39. Ke4 Rb6 40. Kf3 Rb7 41. g4 Be7 42.
g5 Kf5 43. Rd4 Rxb2 44. Rxc4 Bxa3 45. Rc6 Be7 46. Rc7 Ke6 47. Rc6+ Kf7 48. Ke4 Rh2
49. Kd5 Rd2+ 50. Ke4 Bd8 51. c4 Rh2 52. Rd6 Be7 53. Rc6 Rxh4 54. e6+ Kf8 55. Rc8+
Kg7 56. Rc7 Kf8 57. Rc8+ Kg7 58. Rc7 Kf8 59. Rc8+ Kg7 60. Rc7 Kf8 61. Ke5 Rh1 62.
Kd4  1/2-1/2